000 00714nam a22002057a 4500
003 UA-OsUOA
001 24327
007 ta
008 20040216b un ||||| |||| 00| 0 ukr d
100 _aЕвтеева Елена
090 _a347.97
_bЕ27
942 _cSA
040 _aUA-OsUOA
_cUA-OsUOA
_dUA-OsUOA
245 _aУкраинское правосудие в опасности
_bНасущные проблемы судебной власти на Украине требуют немедленного решения
300 _aС.5
955 _a0
080 _a347.97
773 0 _w0
_tЮридическая практика
_dКиев
_d2004
_g10 февраля
650 7 _aСудоустрій
_2UDC
999 _c310595
_d310595